Membres de l'OTAN - Mort subite - Statistiques

Statistiques générales
  • Ce quiz a été pris 94 495 fois
  • Le résultat moyen est 13 sur 32
Answers on the Grid
Answers color-coded by a green-red scale on the quiz's grid according to % correct below.
Albanie
Allemagne
Andorre
Belgique
Biélorussie
Bulgarie
Canada
Croatie
Danemark
Espagne
Estonie
États-Unis
Finlande
France
Grèce
Hongrie
Islande
Israël
Italie
Lettonie
Liechtenstein
Lituanie
Luxembourg
Macédoine du Nord
Mexique
Moldavie
Monaco
Monténégro
Norvège
Pays-Bas
Pologne
Portugal
République Tchèque
Roumanie
Royaume-Uni
Russie
Saint-Marin
Serbie
Slovaquie
Slovénie
Suède
Suisse
Taïwan
Turquie
Ukraine
 
Statistiques - réponses
Réponse % Correct
Allemagne
89%
France
75%
États-Unis
74%
Espagne
70%
Belgique
69%
Canada
66%
Italie
63%
Danemark
55%
Royaume-Uni
50%
Grèce
48%
Pays-Bas
47%
Portugal
44%
Finlande
43%
Pologne
43%
Croatie
39%
Luxembourg
37%
Hongrie
36%
Estonie
35%
Suède
35%
Norvège
33%
Islande
30%
Bulgarie
28%
Lettonie
28%
Lituanie
28%
République Tchèque
27%
Albanie
26%
Roumanie
25%
Turquie
23%
Slovaquie
22%
Slovénie
22%
Macédoine du Nord
11%
Monténégro
10%
Aucun quiz correspondant
Distribution des résultats
% des personnes avec chaque résultat
Percentile par nombre de réponses
Votre historique - résultats
Vous n’avez pas pris ce quiz